000
002820000a22000970004500
100
1
_a
Hoop, Raymond de
245
1
0
_a
Then Israel bowed himself (Genesis 47.31)
300
_a
Vol. 28, Núm 4 (2004), Páginas 467-480
773
0
_t
Journal for the Study of the Old Testament
942
_c
ANA
999
_c
54913
_d
54913